John Sutter and the California gold rush / (Record no. 479)

MARC details
000 -LEADER
fixed length control field 00968cam a2200265 a 4500
005 - DATE AND TIME OF LATEST TRANSACTION
control field 20230428092216.0
020 ## - INTERNATIONAL STANDARD BOOK NUMBER
International Standard Book Number 0736843701 (hardcover)
040 ## - CATALOGING SOURCE
Original cataloging agency DLC
Transcribing agency DLC
Modifying agency DLC
-- FISKH
Language of cataloging eng
050 00 - LIBRARY OF CONGRESS CALL NUMBER
Classification number F865
Item number .D63 2006
082 00 - DEWEY DECIMAL CLASSIFICATION NUMBER
Classification number 979.4/04
Edition number 22
100 1# - MAIN ENTRY--PERSONAL NAME
Personal name Doeden, Matt.
245 10 - TITLE STATEMENT
Title John Sutter and the California gold rush /
Statement of responsibility, etc. by Matt Doeden ; illustrated by Ron Frenz and Charles Barnett III .
260 ## - PUBLICATION, DISTRIBUTION, ETC.
Place of publication, distribution, etc. Mankato, Minn. :
Name of publisher, distributor, etc. Capstone Press,
Date of publication, distribution, etc. 2006.
300 ## - PHYSICAL DESCRIPTION
Extent 32 pages :
Other physical details color illustrations :
Dimensions 24 cm.
505 ## - FORMATTED CONTENTS NOTE
Formatted contents note H
520 ## - SUMMARY, ETC.
Summary, etc. "In graphic novel format, tells the story of the discovery of gold at John Sutter's mill and how it changed California"--Provided by publisher.
521 ## - TARGET AUDIENCE NOTE
Target audience note 520 <br/>
Source Lexile
521 ## - TARGET AUDIENCE NOTE
Target audience note H <br/>
Source Raz-Plus
700 1# - ADDED ENTRY--PERSONAL NAME
Personal name Frenz, Ron,
Relator term ill.
700 1# - ADDED ENTRY--PERSONAL NAME
Personal name Barnett, Charles,
Titles and other words associated with a name III,
Relator term ill.
906 ## - LOCAL DATA ELEMENT F, LDF (RLIN)
a 7
b cbc
c orignew
d 1
e ecip
f 20
g y-gencatlg
942 ## - ADDED ENTRY ELEMENTS (KOHA)
Source of classification or shelving scheme Dewey Decimal Classification
Koha item type Books
Suppress in OPAC No
999 ## -
-- 479
-- 479
Holdings
Withdrawn status Lost status Source of classification or shelving scheme Damaged status Not for loan Collection Home library Current library Shelving location Date acquired Total Checkouts Full call number Barcode Date last seen Date last checked out Price effective from Koha item type
    Dewey Decimal Classification     Non-Fiction Footprints International School Library Network Toul Kork Campus Footprints International School Library Network Toul Kork Campus A TK Campus, Comic Books (All Reading Levels), B401 Bookcase 1/2, Shelf 3 04/28/2023 1 DOE 979.4 F865.D63 FISTK02055 10/23/2023 08/14/2023 04/28/2023 Books